Politics of compromise: coalition government in Colombia
Gespeichert in:
| Hauptverfasser: | , , |
|---|---|
| Format: | Buch |
| Sprache: | Englisch |
| Veröffentlicht: |
New Brunswick
Transaction
1980
|
| Schlagworte: | |
| Tags: |
Tag hinzufügen
Keine Tags, Fügen Sie den ersten Tag hinzu!
|
MARC
| LEADER | 00000nam a2200000 a 4500 | ||
|---|---|---|---|
| 001 | UCO8187 | ||
| 003 | CL-VaPUC | ||
| 008 | 001201e19800000US |||||||||||||||||eng|d | ||
| 082 | 0 | 4 | |a 320.9861 |b BER |2 21 |
| 100 | 0 | |a Berry, R. Albert |e author |9 453000 | |
| 700 | |a Hellman, Ronald G |e author |9 453001 | ||
| 700 | 0 | |a Solaún, Mauricio |e author |9 453002 | |
| 245 | 1 | 0 | |a Politics of compromise: coalition government in Colombia |
| 300 | |a 488 p | ||
| 942 | |c BK | ||
| 945 | |d 20001201 00:00:00 |a crobeson | ||
| 260 | |a New Brunswick |b Transaction |c 1980 | ||
| 500 | |a Donación del profesor Manfred Wilhelmy von Wolff | ||
| 600 | 0 | 7 | |a PARTIDO CONSERVADOR |2 CL-VaPUC |9 436808 |
| 650 | 7 | |a POLITICA Y GOBIERNO 1946- |2 CL-VaPUC |9 453003 | |
| 650 | 0 | |a Partidos políticos |9 254999 | |
| 650 | 0 | |a Discursos políticos |9 373524 | |
| 651 | 0 | |a Colombia |9 256424 | |
| 583 | |a last modification |c 20001201 00:00:00 |k Rodrigo Vera | ||
| 999 | |c 292914 |d 292912 | ||
| 952 | |0 0 |1 0 |4 0 |6 320_986100000000000_BER_1980 |7 0 |8 A |9 343994 |a BIBHIS |b BIBHIS |d 2019-11-20 |i 1230999 |o 320.9861 BER 1980 |p 1230999 |r 2025-01-20 |w 2019-11-20 |y BK |k HIS | ||